| 000 | 00360nam a2200133Ia 4500 | ||
|---|---|---|---|
| 008 | 150202s9999 xx 000 0 und d | ||
| 020 | _a553445715 | ||
| 050 |
_aFIC _bFIC |
||
| 100 | _aRobinette, Kristen. | ||
| 245 |
_aUp for grabs / _cKristen Robinette. |
||
| 260 |
_aNew York : _bBantam Books, _c1996. |
||
| 300 |
_a211 pages : _c18 cm. |
||
| 650 | _aFiction. | ||
| 999 |
_c282376 _d282376 |
||